1463 1439 1855 1531 1912 1501 1502 1131 1278 1838 1583 1929 1972 1576 1928 1966 1693 1707 1594 1192 1582 1966 1773 1961 1871 1067 1591 1807 1082 1146 1171 1401 1516 1411 1346 1617 1296 1012 1679 1120 1772 1002 1184 1925 1193 1278 1183 1228 1788 1810 1242 1062 1008 1607 1046 1236 1916 1180 1049 1367 1176 1607 1324 1059 1474 1246 1295 1254 1382 1991 1589 1247 1467 1605 1533 1759 1618 1069 1201 1053 1998 1392 1608 1597 1508 1419 1815 1601 1094 1798 1178 1337 1923 1738 1536 1800 1091 1827 1838 BCNSPRNW ULIB Ver.6.0+V

เปลี่ยนเป็นภาษาไทย

Change to English
 แสดงรายละเอียดบรรณานุกรม
  กลับหน้าหลัก

Brief Record : Get Marc (ISO 2709) : E-mail record : QR code < ปิดหน้าต่าง
LEADER : 00000nam 2200000uu 4500
001    13399107739
003     ULIB
008    110201s2552||||th 000 0 tha d
020    9789741111411
060 04 QS4^bค127ต 2552
245 00 ตำรากายวิภาคศาสตร์พื้นฐาน=^bBasic anatomy /^cเรียบเรียงโดย คณาจารย์ภาควิชากายวิภาคศาสตร์ คณะแพทยศาสตร์ศิริราชพยาบาล; บรรณาธิการ, วาสนา ผลากรสกุล
246 31 bBasic anatomy
250    พิมพ์ครั้งที่ 1
260    กรุงเทพฯ:^bโรงพิมพ์ศุภวนิชการพิมพ์,^c2552
300    428 หน้า,^bภาพประกอบ
650  7 กายวิภาคศาสตร์
650  7 สรีรวิทยา
700 0  วาสนา ผลากรสกุล,^eบรรณาธิการ
710 2  มหาวิทยาลัยมหิดล. ^bคณะแพทยศาสตร์.^bภาควิชากายวิภาคศาสตร์
710 2  คณาจารย์ภาควิชากายวิภาคศาสตร์ คณะแพทยศาสตร์ศิริราชพยาบาล
945    ^p400^l0^i028794
945    ^p400^l0^i028795
945    ^p400^l0^i028796
995    ทศพร
999 ^a ใช้งานได้ทุกระบบ
รายการนี้ยังไม่มีแท็ก
คุณยังไม่ได้ล็อกอิน คุณสามารถมีกิจกรรมร่วมกับเว็บไซต์ได้ แต่ต้องล็อกอินก่อน ::
  ล็อกอิน

รายการสื่อสารสนเทศ

ลำดับที่ ประเภท เลขเรียก/บาร์โค้ด สถานที่ สถานะ
1. วิทยาศาสตร์การแพทย์ และสุขภาพ
หนังสือสำรอง
สถานะ=หนังสือสำรอง
QS4 ค127ต 2552 ฉ.1 
  Barcode: 028794
ห้องสมุดวิทยาเขตสวรรค์ประชารักษ์
►ส่วนจัดเก็บหนังสือเก่า สปร
บนชั้น
  ขอยืม
2. วิทยาศาสตร์การแพทย์ และสุขภาพ
วิทยาศาสตร์การแพทย์ และสุขภาพ
QS4 ค127ต 2552 ฉ.2 
  Barcode: 028795
ห้องสมุดวิทยาเขตสวรรค์ประชารักษ์
►ส่วนจัดเก็บหนังสือเก่า สปร
บนชั้น
  ขอยืม

รายการใกล้เคียง
    หัวเรื่อง [กายวิภาคศาสตร์]
    หัวเรื่อง [สรีรวิทยา]

BibComment


ยังไม่เคยถูกคอมเมนท์

คอมเมนท์ทรัพยากรรายการนี้
  คอมเมนท์: ตำรากายวิภาคศาสตร..


 Copyright 2026. Bcnsprnw @Library